Detalles MARC
| 000 -CABECERA |
| Longitud fija campo de control |
00982nam a2200289 i 4500 |
| 005 - • FECHA Y HORA DE LA ÚLTIMA TRANSACCIÓN |
| Fecha y hora de la última transacción |
20220317000121.0 |
| 008 - • CÓDIGOS DE INFORMACIÓN DE LONGITUD FIJA |
| Códigos de información de longitud fija |
141031s2003 sp a gs 000 0 spa d |
| 020 ## - • NÚMERO INTERNACIONAL NORMALIZADO PARA LIBROS |
| Número Internacional Normalizado para Libros (ISBN) |
9589401678 |
| 040 ## - FUENTE DE LA CATALOGACIÓN |
| Centro catalogador de origen |
CO-BoRNBP |
| Lengua de catalogación |
spa |
| Centro transcriptor |
CO-BoRNBP |
| Normas de descripción |
rda |
| 041 0# - • CÓDIGO DE LENGUA |
| Código de lengua del texto/banda sonora o título independiente |
spa |
| 082 04 - • NÚMERO DE LA CLASIFICACIÓN DECIMAL DEWEY |
| Número de clasificación (R) |
796.01 |
| Número del ítem |
G83i |
| 100 1# - • PUNTO DE ACCESO PRINCIPAL-NOMBRE DE PERSONA |
| Nombre de persona |
Guillen García, Félix |
| Término indicativo de función |
autor |
| 245 10 - • TITULO PROPIAMENTE DICHO |
| Título |
Introducción a la psicopedagogía de la actividad física y el deporte |
| Mención de responsabilidad, etc. |
Félix Guillén García |
| 250 ## - • MENCIÓN DE EDICIÓN |
| Mención de edición |
Primera edición |
| 264 #1 - PRODUCCIÓN, PUBLICACIÓN , DISTRIBUCIÓN, FABRICACIÓN Y COPYRIGHT |
| Lugar de producción, publicación, distribución, fabricación |
Armenia |
| Nombre del productor, editor, distribuidor, fabricante |
Kinesis |
| Fecha de de producción, publicación, distribución, fabricación o copyright |
2003 |
| 300 ## - • DESCRIPCIÓN FÍSICA |
| Extensión |
236 páginas |
| Otras características físicas |
ilustraciones en blanco y negro |
| Dimensiones |
23 cm |
| 336 ## - TIPO DE CONTENIDO |
| Término de tipo de contenido |
texto |
| Código de tipo de contenido |
txt |
| Fuente |
rdacontent |
| 337 ## - TIPO DE MEDIO |
| Nombre del tipo de medio |
sin mediación |
| Código del tipo de medio |
n |
| Fuente |
rdamedia |
| 338 ## - TIPO DE SOPORTE |
| Nombre del tipo de soporte |
volumen |
| Código del tipo de soporte |
nc |
| Fuente |
rdacarrier |
| 504 ## - • NOTA DE BIBLIOGRAFÍA, ETC |
| Nota de bibliografía, etc. |
Incluye referencias bibliográficas |
| 650 14 - • PUNTO DE ACCESO ADICIONAL DE MATERIA - TÉRMINO DE MATERIA |
| Término de materia o nombre geográfico como elemento inicial |
Actividad motora |
| Fuente del encabezamiento o término |
LEMB |
| 650 14 - • PUNTO DE ACCESO ADICIONAL DE MATERIA - TÉRMINO DE MATERIA |
| Término de materia o nombre geográfico como elemento inicial |
Aptitud motora en niños |
| Fuente del encabezamiento o término |
LEMB |
| 650 14 - • PUNTO DE ACCESO ADICIONAL DE MATERIA - TÉRMINO DE MATERIA |
| Término de materia o nombre geográfico como elemento inicial |
Desarrollo infantil |
| Fuente del encabezamiento o término |
LEMB |
| 650 14 - • PUNTO DE ACCESO ADICIONAL DE MATERIA - TÉRMINO DE MATERIA |
| Término de materia o nombre geográfico como elemento inicial |
Desarrollo motriz |
| Fuente del encabezamiento o término |
LEMB |
| 650 14 - • PUNTO DE ACCESO ADICIONAL DE MATERIA - TÉRMINO DE MATERIA |
| Término de materia o nombre geográfico como elemento inicial |
Deportes |
| Subdivisión de materia general |
Aspectos psicológicos |
| Fuente del encabezamiento o término |
LEMB |
| 942 ## - ENTRADA DE ELEMENTOS AGREGADOS (KOHA) |
| Fuente de clasificaión o esquema |
Dewey Decimal Classification |
| Koha [por defecto] tipo de item |
LIbro |